[Event "USA-ch"]
[Site "Seattle"]
[Date "2000.10.03"]
[Round "8"]
[White "Christiansen, Larry Mark"]
[Black "Kaidanov, Gregory S"]
[Result "1/2-1/2"]
[WhiteElo "2563"]
[BlackElo "2624"]
[Annotator "Huzman,A"]
[PlyCount "125"]
[EventDate "2000.09.25"]
[EventType "tourn"]
[EventRounds "11"]
[EventCountry "USA"]
[EventCategory "14"]
[SourceTitle "CBM 080"]
[Source "ChessBase"]
[SourceDate "2001.01.25"]
[SourceVersion "1"]
[SourceVersionDate "2001.01.25"]
[SourceQuality "1"]

1. d4 (1. e4 c5 2. d4 cxd4 3. c3 d5 4. exd5 Qxd5 5. cxd4 Nc6 6. Nf3 e6 7. Nc3
Qd8 8. Bc4 Nf6 9. O-O Be7 10. Re1 O-O 11. Bf4 a6 12. Bb3 Nb4 13. Be5 b6 14. a3
Nbd5 15. Bxf6 Bxf6 16. Nxd5 exd5 17. Rc1 Bg4 18. h3 Bh5 19. Qd3 Bg6 20. Qd2 Be4
21. Ne5 $14 {1-0 Kraemer,M-You,L/GER t-ch B20 Bad Homburg 2000/Ajelibre (35)})
1... d5 2. c4 dxc4 3. e3 Nf6 4. Bxc4 e6 5. Nf3 c5 6. O-O a6 7. Bb3 cxd4 8. exd4
Nc6 9. Nc3 Be7 10. Re1 O-O 11. Bf4 Nb4 12. Ne5 Nbd5 13. Bg3 Bd7 14. Bxd5 (14.
Qf3 $5 Bc6 (14... Nxc3 15. bxc3 b5 16. Rad1 $36) 15. Nxc6 bxc6 16. Rac1 $14)
14... Nxd5 (14... exd5 15. Qb3 Bc6 16. Nxc6 bxc6 17. Qb7 $16) 15. Nxd5 exd5 16.
Qb3 Bc8 17. Rac1 a5 $1 (17... Re8 18. Nd3 $16 {[%cal Gg3c7,Gc1c7]}) 18. h3 $5 {
[%csl Rd5][%cal Ge5g4,Gg4e3,Ge3d5,Gb3d5]} (18. Nf3 a4 19. Qb5 a3 20. b3 $16)
18... Ra6 19. Ng4 Be6 (19... Bb4 20. Red1 (20. Re5 Rc6) 20... Bxg4 21. hxg4 Rc6
22. a3 Be7 $14) 20. Qxb7 (20. Bc7 $5 Qa8 21. Qg3 $36) 20... Rb6 21. Qa7 Rxb2
22. Rc7 Bd6 23. Bxd6 Qxd6 24. Qxa5 Qf4 $1 $11 25. Qc3 (25. Qa3 $142 Qxd4 26.
Rc3 Rb4 (26... Rfb8 $4 27. Qxb2 Rxb2 28. Rc8+ Bxc8 29. Re8#) 27. Rd3 $11) 25...
Rxa2 26. g3 Qd2 $17 27. Qe3 h5 28. Ne5 Bxh3 29. Nd3 (29. Nc6 Kh7 30. Qxd2 Rxd2
31. Re5 Bg4 32. Kg2 Rd3 $17) 29... Bf5 (29... Qxe3 30. Rxe3 Rb8 $1 31. Re1 Bf5
32. Nf4 Be4 $17 33. Kf1) 30. Nf4 Be4 31. Rc3 $1 Rb8 32. Qxd2 Rxd2 33. f3 Bg6
34. Nxd5 $15 Rbb2 35. Nf4 Rxd4 36. Rce3 $1 {[%cal Ge3e2]} Rdd2 37. R1e2 Rxe2
38. Rxe2 Rxe2 39. Nxe2 Bf5 40. Nf4 g6 41. Kf2 Kg7 42. Nd5 Be6 43. Ne3 Kf6 44.
f4 $1 Ke7 45. Kf3 Bh3 46. Nc2 Kd6 47. Ke3 Kd5 48. Nd4 Bd7 49. Nf3 Ba4 50. Ng5
Be8 51. f5 Ke5 52. fxg6 fxg6 53. Nf3+ Kf5 54. Kf2 Ba4 55. Nd4+ Kg4 56. Nf3 Bd1
57. Ne5+ Kf5 58. Nc4 Bb3 59. Ne3+ Ke4 60. Ng2 g5 61. Ne3 Be6 62. Nf1 Kd3 63.
Ne3 1/2-1/2

[Event "USA-ch"]
[Site "Seattle"]
[Date "2000.10.05"]
[Round "10"]
[White "Serper, Grigory"]
[Black "Kaidanov, Gregory S"]
[Result "1/2-1/2"]
[WhiteElo "2574"]
[BlackElo "2624"]
[Annotator "Huzman,A"]
[PlyCount "50"]
[EventDate "2000.09.25"]
[EventType "tourn"]
[EventRounds "11"]
[EventCountry "USA"]
[EventCategory "14"]
[SourceTitle "CBM 080"]
[Source "ChessBase"]
[SourceDate "2001.01.25"]
[SourceVersion "1"]
[SourceVersionDate "2001.01.25"]
[SourceQuality "1"]

1. d4 d5 2. c4 dxc4 3. e3 Nf6 4. Bxc4 e6 5. Nf3 c5 6. O-O a6 7. a3 b5 8. Ba2
Bb7 9. Nc3 Nbd7 10. Re1 Be7 (10... Qb8 11. e4 (11. d5 c4 12. e4 Bc5 13. b4 Bd6
14. Bg5 Ne5 15. g3 O-O 16. Bxf6 gxf6 17. Nxe5 Bxe5 18. Rc1 Bxc3 19. Rxc3 Qe5
20. Rf3 a5 21. bxa5 Rxa5 22. Bb1 c3 23. dxe6 fxe6 24. Qd7 $36 {1-0 Ibragimov,
I-Kogan,A/Koszalin 1999/CBM 73/ (44)}) 11... cxd4 12. Nd5 Bd6 13. Nxf6+ Nxf6 (
13... gxf6 14. Qxd4 Bc5 (14... Ne5 15. Rd1 Nxf3+ 16. gxf3 Bxh2+ 17. Kh1 Qc7 18.
Qxf6 Be5 19. Qg5 h6 20. Qh5 Rd8 21. Be3 Ke7 22. Rxd8 Rxd8 23. Rc1 $36 {1-0
Kozul,Z-Ibragimov,I/Ljubljana 1996/CBM 53 ext (39)}) 15. Qc3 Qa7 16. Be3 Rc8
17. Qd2 Bxe4 18. Bxc5 Nxc5 19. Qd4 Bxf3 20. Qxf6 Rg8 21. Qxf3 $16 {1-0 Kozul,
Z-Sulava,N/Pula 1996/EXT 98 (26)}) 14. e5 Bxf3 15. Qxf3 Bxe5 16. Rxe5 Qxe5 17.
Qxa8+ Ke7 18. Qb7+ Nd7 19. Bd2 $18 {1-0 Halkias,S-Vlahakis,N/Chania 1997/EXT
98 (24)}) (10... Qc7 11. e4 cxd4 12. Nxd4 Bd6 (12... Ne5 13. Bf4 Bd6 14. Qe2
Rd8 15. Nd5 Qb8 16. Nxf6+ gxf6 $14 {0-1 Levitina,I-Nutu,D/Jaize 1987 (43)}) 13.
g3 Bc5 14. Be3 Rd8 15. Rc1 Qd6 16. Nb3 Qxd1 17. Rcxd1 Bxe3 18. Rxe3 Ke7 $11 {
0-1 Ristic,N-Drasko,M/Nis 1996/EXT 99 (45)}) (10... Ne4 11. Nxe4 Bxe4 12. Bd2
Be7 13. Bc3 b4 14. axb4 cxb4 15. Bd2 O-O 16. Bb1 Bxb1 17. Qxb1 a5 18. b3 Ra7
19. Qe4 Qa8 20. Qxa8 Rfxa8 21. Kf1 f5 22. Rec1 $14 {1-0 Kozul,Z-Kucera,P/
Bled-A 2000 (57)}) (10... Rc8 11. e4 cxd4 12. Nd5 Bc5 13. b4 Ba7 14. Bg5 h6 15.
Bh4 g5 16. Bg3 exd5 17. exd5+ Kf8 18. Nxd4 Bxd4 19. Qxd4 Qb6 20. Qd3 Kg7 21. h4
Nh5 22. Re7 $44 {1-0 Zaja,I-Bogut,Z/It (open), Pula (Croatia) 1997 (44)}) 11.
e4 (11. d5 exd5 12. Nxd5 Nxd5 13. Bxd5 Bxd5 14. Qxd5 O-O 15. e4 Bf6 16. Rb1 Qc7
$15 {1-0 Bai Min-Huang Rui/PRC-chT 1987/EXT 97 (61)}) 11... b4 (11... cxd4 12.
Nxd4 Ne5 13. Bf4 Ng6 14. Bg3 O-O 15. e5 Nd5 16. Ne4 Ndf4 17. Qd2 Nh5 $1 18.
Rad1 Nxg3 19. Nxg3 Qb6 $15 {0-1 Cebalo,M-Cvitan,O/Pula 1998/CBM 64/[Huzman] 
(32)}) (11... O-O 12. e5 Nd5 13. Nxd5 Bxd5 14. Bxd5 exd5 15. dxc5 Nxc5 16. Nd4
Qd7 17. Be3 Rac8 18. Qe2 Rfe8 19. Rad1 Bf8 20. f4 Ne6 21. Nf3 g6 22. Qd3 $14 {
1-0 Rausis,I-Lecuyer,C/FRA t-ch 1999 (71)}) 12. axb4 cxb4 13. e5 bxc3 14. exf6
Nxf6 (14... Bxf6 15. bxc3 O-O 16. Be3 Rc8 17. c4 Nb8 18. Ne5 Nc6 19. Rb1 Ba8
20. Nxc6 Bxc6 21. d5 exd5 22. cxd5 Bb5 23. Bf4 Qd7 24. d6 $36 {0-1 Cebalo,
M-Flear,G/St-Affrique (R4) 1996 (50)}) 15. bxc3 O-O 16. Ne5 Rc8 (16... Nd5 17.
Bd2 (17. Qd3 Bg5 18. Rb1 Ra7 19. c4 Nc7 20. Ba3 Re8 21. Bc5 Qa8 22. Qg3 f6 23.
Nd7 Bc6 24. Bxa7 Qxa7 25. Nb6 Bd2 {1-0 Kozul,Z-Sermek,D/Open, Bled SLO 1999 
(25)}) 17... Bg5 18. Rb1 Rb8 19. f3 Bxd2 20. Qxd2 Qc7 21. Rec1 Rfd8 22. Nd3 Bc6
23. Nc5 Rxb1 24. Rxb1 a5 25. Qb2 e5 26. Bxd5 Bxd5 27. Qb6 {1/2-1/2 Zivanic,
M-Stojanovic,D/YUG-chJ 2000/CA (27)}) 17. Qd3 (17. c4 $5 Nd7 18. Bf4 Nxe5 19.
Bxe5 Qd7 (19... Bd6 20. Qg4 Bxe5 21. Rxe5 Qf6 22. Rb1 $14) 20. Qg4 f6 21. c5 (
21. Bf4 f5 22. Qe2 Bf6 23. Be5 $16) 21... Bd5 22. Bd6 Bxd6 23. Bxd5 Bxh2+ 24.
Kxh2 Qc7+ (24... Qxd5 25. Qxe6+ Qxe6 26. Rxe6 Rfd8 27. Ra4 $16) 25. Kg1 exd5
26. Rxa6 $16) 17... Rc7 18. c4 (18. Bc4 Qc8 (18... Qa8 19. Ba3 Bxa3 20. Rxa3
Rfc8 $132) 19. Ba3 Bxa3 20. Rxa3 Nd5 $11) 18... Nd7 19. Bf4 (19. Nf3 Nc5 20.
Qc3 Bxf3 21. gxf3 Bf6 22. Be3 Rd7 23. Rad1 $13) 19... Nxe5 20. Bxe5 Bd6 21. Qg3
Bxe5 22. Qxe5 Rd7 23. Rad1 Qf6 $5 24. Qxf6 (24. Qe3 Rfd8 25. d5 h6 $11) 24...
gxf6 25. Rd2 Rfd8 $14 (25... Rfd8 26. Red1 Kf8 27. f3 (27. f4 Ke7 28. Kf2 e5
29. fxe5 fxe5 30. d5 Kd6 $13) 27... Ke7 28. Kf2 e5 29. d5 Kd6 30. Rb2 Kc5 31.
Bb1 $36) 1/2-1/2

[Event "EU-chT (Men) 14th"]
[Site "Plovdiv"]
[Date "2003.10.18"]
[Round "7.4"]
[White "San Segundo Carrillo, Pablo"]
[Black "Stevic, Hrvoje"]
[Result "0-1"]
[WhiteElo "2524"]
[BlackElo "2555"]
[Annotator "Huzman,A"]
[PlyCount "58"]
[EventDate "2003.10.10"]
[EventType "team-swiss"]
[EventRounds "9"]
[EventCountry "BUL"]
[SourceTitle "CBM 098"]
[Source "ChessBase"]
[SourceDate "2004.02.03"]
[SourceVersion "1"]
[SourceVersionDate "2004.02.03"]
[SourceQuality "1"]
[WhiteTeam "Spain"]
[BlackTeam "Croatia"]
[WhiteTeamCountry "ESP"]
[BlackTeamCountry "CRO"]

1. d4 d5 2. c4 dxc4 3. Nf3 Nf6 4. e3 e6 5. Bxc4 c5 6. O-O a6 7. Bb3 Nc6 8. Nc3
cxd4 9. exd4 Be7 10. Bg5 O-O 11. Qd2 b5 (11... Na5 12. Bc2 Nc4 $6 (12... b5 13.
Qf4 Ra7 (13... Bb7 14. Rad1 (14. Qh4 g6 15. d5 $5 Bxd5 16. Ne4 Bxe4 17. Bxe4
Ra7 18. Rad1 Nd5 19. Rfe1 f6 ({White has to prove that his initiative is
enough to compensate a sacrifised pawn after} 19... Re8 $1 $13) 20. Bh6 Re8 $2
21. Qg4 Bf8 22. Bxg6 $18 {1-0 Pert,N-Ganguly,S/Torquay 2002/CBM 91/[Huzman] 
(31)}) 14... g6 15. Bh6 Nh5 16. Qg4 f5 (16... Nf6 17. Qg3 Re8 18. Ne5 Nh5 19.
Qh3 Rc8 20. Rfe1 Bg5 21. Bxg5 Qxg5 22. Be4 Rc7 23. Bxb7 Nxb7 24. Ne4 Qe7 25.
Qf3 $36 {1-0 Mukherjee,A-Wise,G/ICCF Email 2001/ICCF tele 9/2002 (49)}) 17. Qh3
Rc8 18. d5 $1 $16 {1-0 Tkachiev,V-Lesiege,A/New Delhi/Theran 2000/CBM 81/
[Huzman] (39)}) (13... g6 14. Qh4 Re8 15. Ne5 Nh5 16. Bxe7 Qxe7 17. Qxe7 Rxe7
18. b4 Bb7 $1 19. bxa5 Rc8 20. Bd1 Rxc3 21. Bxh5 gxh5 22. Rfc1 Ra3 $17 {
1/2-1/2 Kharlov,A-Torbin,K/Togliatti RUS 2003/(58)}) 14. Rad1 Bb7 (14... Rc7
15. Rfe1 (15. d5 $5) 15... Bb7 16. d5 exd5 17. Rxe7 {1-0 Wang Yue-Rodriguez
Lopez,R/Seville ESP 2003/(17)}) 15. d5 $1 $40) 13. Qe2 b5 $140 $2 14. Bxf6 Bxf6
15. Qe4 $18) 12. Rad1 Na5 (12... Bb7 13. d5 exd5 14. Nxd5 Nxd5 15. Bxd5 Bxg5
16. Nxg5 Qf6 17. Ne4 Qe7 18. Nd6 Nd8 19. Bb3 $16 {1-0 Avrukh,B-Kofidis,A/
Athens GRE 2003/(43). 1-0 Kramnik,V-Anand,V/León 2002/[V.Anand] (37)}) 13. Bc2
Nc4 (13... Bb7 14. Qf4 b4 (14... Rc8 15. Qh4 g6 16. d5 exd5 17. Rfe1 Rc4 18.
Nd4 h6 19. Bxh6 Ne4 20. Qg4 Qc8 21. Qf3 Nxc3 22. Rxe7 f5 23. bxc3 Rf7 24. Rxf7
Kxf7 25. Nxf5 {1-0 Meenakshi,S-Tetenkina,I/Bled 2002/EXT 2003 (25)}) 15. d5
bxc3 16. Qh4 h5 17. dxe6 Qc7 18. Bxf6 Bxf6 19. Qxh5 g6 20. exf7+ Rxf7 21. Qxg6+
Kf8 $13 {0-1 Epishin,V-Hort,V/Hoogeveen 2001/CBM 84 ext (39)}) 14. Qf4 Bb7 (
14... Ra7 {V.Anand} 15. Ne5 (15. Qh4 $1 g6 16. Ne5 Nd5 17. Bxe7 Qxe7 18. Qxe7
Nxe7 19. Nxc4 bxc4 20. Be4 Bb7 21. f3 {1/2-1/2 Kacheishvili,G-Izoria,Z/Batumi
2002/CBM 90 (21)}) 15... Rc7 16. Nxc4 bxc4 17. Bxf6 Bxf6 18. d5 e5 19. Qf3 Rb7
20. Qe4 g6 21. Qxc4 Rxb2 (21... Qa5) (21... a5 22. d6 Rxb2 23. Bb3 Be6 24. Qa4
Bxb3 25. axb3 Qb8) 22. Bb3 $16) 15. Qh4 h5 (15... g6 16. d5 $1 exd5 (16... Bxd5
17. Ne4 $18) 17. Rfe1 $16 {/+-}) (15... h6 $2 16. Bxh6 $40) 16. d5 (16. Ne4
Nxb2 (16... Re8 17. Nxf6+ Bxf6 18. Qxh5 (18. Bxf6 Qxf6 19. Ng5 g6 20. b3 Na3 $5
21. Bd3 Rad8 22. Qg3 Rxd4 23. Nxf7 $1 Kxf7 24. Bxg6+ Qxg6 25. Rxd4 Qxg3 26.
fxg3+ Kg6 $15) 18... Bxf3 19. Qh7+ Kf8 20. Qh8+ Ke7 21. Qxg7 Bxg5 22. Qxg5+ Kd7
23. Qxd8+ Raxd8 24. gxf3 Nxb2 $15) 17. Nxf6+ Bxf6 18. Qxh5 g6 19. Qh4 (19. Bxg6
fxg6 20. Qxg6+ Kh8 21. Qh6+ Kg8 22. Qg6+ $11) 19... Kg7 20. Qh6+ Kg8 $11) (16.
Bxf6 Bxf6 17. Qxh5 g6 18. Bxg6 fxg6 19. Qxg6+ Bg7 20. Ng5 Rf6 21. Qh7+ Kf8)
16... exd5 (16... Nxb2 17. d6 Bxd6 18. Bxf6 gxf6 19. Qxh5 f5 20. Bxf5 $1 exf5 (
20... Re8 21. Ne5 Bxe5 22. Rxd8 Raxd8 23. Bh7+ Kg7 24. Qxe5+ Kxh7 25. Qc7 $18)
21. Ng5 Kg7 22. Qh7+ Kf6 23. Qh6+ Ke7 24. Rfe1+ Be4 25. Ngxe4 fxe4 26. Rxe4+
$18) 17. Nd4 (17. Rfe1 Nxb2 18. Ne4 dxe4 (18... Rc8 19. Nxf6+ (19. Bb1 Nxe4 20.
Bxe7 Qb6 $17) 19... Bxf6 20. Rd2 Bxg5 21. Nxg5 g6) (18... Nxe4 19. Bxe7 Qc7 $17
) 19. Rxd8 Raxd8 20. Bxe4 Bxe4 21. Bxf6 Bxf6 22. Qxe4 Nd3 23. Re3 Nc1 {1/2-1/2
Degerman,L-Johansson,M/Helsingborg 2002/CBM 90 ext (23)}) 17... Nd6 18. Rfe1
Re8 19. Nf5 Nxf5 20. Bxf5 b4 21. Bxf6 (21. Ne2 Ne4 $1 22. Bxe7 Qxe7 23. Qxh5 g6
24. Qg4 Qf6 25. Bxe4 Rxe4 26. Qd7 Bc6 27. Qc7 Rae8 $19) 21... Bxf6 22. Qxb4 $15
Rb8 23. Ne4 (23. Qa4 Be5 24. f4 Qb6+ 25. Kh1 Bc6 26. Qc2 Bf6 $17) 23... Be7 24.
Qa4 g6 25. Bh3 Qb6 26. Nc3 Bc6 $17 27. Qf4 Qxb2 28. Nxd5 $4 (28. Be6 $1 Qxc3 (
28... fxe6 29. Rxe6 Qc2 30. Rxc6 Bf6 31. Qf3 Bxc3 32. Rxc3 Qe4 33. Qxe4 Rxe4
34. Rc6 $14) (28... Rf8 29. Nxd5 Bxd5 30. Bxd5 $36) 29. Qxf7+ (29. Bxf7+ Kg7
30. Re6 Bg5 $1 31. Qxg5 Rxe6 32. Bxe6 Re8 $19) 29... Kh8 30. Rc1 Qf6 (30... Qd2
31. Red1 Rf8 32. Rxd2 Rxf7 33. Bxf7 Bg5 34. g3 Bxd2 35. Rxc6 $16) 31. Rxc6 Rf8
32. Qxf6+ Rxf6 (32... Bxf6 33. Bxd5 Rb2 (33... Bd4 34. Rc2 $14) 34. f3 $14) 33.
f3 (33. Bxd5 Rxc6 34. Bxc6 Rb2 $11 {[%cal Ye7c5,Yc5f2,Yb2f2]}) 33... Rb2 34. a4
a5 35. Bxd5 Rxc6 36. Bxc6 Bc5+ 37. Kh1 h4 $44) 28... Bxd5 29. Rxd5 Bg5 0-1

[Event "FIDE World Cup-D (Women)"]
[Site "Shenyang"]
[Date "2000.09.03"]
[Round "3"]
[White "Zhukova, Natalia"]
[Black "Krush, Irina"]
[Result "1-0"]
[WhiteElo "2450"]
[BlackElo "2350"]
[Annotator "Huzman,A"]
[PlyCount "71"]
[EventDate "2000.09.01"]
[EventType "tourn"]
[EventRounds "5"]
[EventCountry "CHN"]
[EventCategory "8"]
[SourceTitle "CBM 079"]
[Source "ChessBase"]
[SourceDate "2000.11.21"]
[SourceVersion "1"]
[SourceVersionDate "2000.11.21"]
[SourceQuality "1"]

1. d4 d5 2. c4 dxc4 3. Nf3 Nf6 4. e3 e6 5. Bxc4 c5 6. O-O a6 7. a4 Nc6 8. Qe2
cxd4 9. Rd1 Be7 10. exd4 O-O 11. Nc3 Nd5 12. Bd3 Ncb4 13. Bb1 b6 14. Qe4 f5 15.
Qe2 Bf6 (15... Ra7 16. Bd2 (16. Nxd5 Nxd5 17. Bd3 a5 18. Bd2 Rc7 19. Rac1 Qd6
20. Bc4 Kh8 21. Re1 Bf6 22. Ne5 Bb7 23. b3 Kg8 24. Nf3 Re8 $11 {0-1 Guliev,
S-Vaulin,A/Moscow 1998/CBM 63/[Petursson] (42)}) 16... Bf6 17. Nxd5 Nxd5 18. b4
Qd6 19. Ba2 Re7 20. Ne5 Bb7 21. Rab1 Bxe5 22. dxe5 Qb8 23. b5 a5 24. Rbc1 Qe8
25. f3 f4 $11 {0-1 Nestorovic,D-Nikcevic,N/Belgrade 1991/EXT 97 (42)}) 16. Ra3
Re8 (16... Qd6 $5 {[%cal Yc8b7]}) 17. Nxd5 $1 Qxd5 $2 (17... Nxd5 $142 18. Ne5
Bb7 19. Rh3 Re7 20. Qh5 g6) 18. Bd2 a5 (18... Nc6 19. Bf4 $1 {[%cal Gb1a2]} (
19. Ba2 Nxd4 20. Nxd4 Qxd4 21. Bc3 Qh4 (21... Qg4 22. Qxg4 fxg4 23. Bxf6 gxf6
24. Rad3 $44) 22. Bxf6 Qxf6 23. Rad3 $44) 19... Nxd4 $140 $2 20. Nxd4 Bxd4 21.
Be3 Bb7 (21... e5 22. Ba2 $18) 22. Qf1 $18) 19. Bxb4 $1 {[%mdl 32] White find
ideal possibility to regroup pieces for the attack weakness on e6.} axb4 20.
Ba2 Qd6 21. Re3 Rxa4 22. Bb3 Ra7 23. Ne5 $44 {[%cal Gd4d5]} f4 $6 (23... Bxe5
24. Rxe5 Ra5 25. d5 $36) (23... Ba6 24. Qh5 Bb5 25. Qxf5 $16) (23... g6 $142
24. d5 $36) 24. Re4 Ba6 25. Qh5 Rae7 26. Rxf4 $16 Bxe5 (26... g6 27. Nxg6 (27.
Qg4 Bxe5 28. dxe5 Qxe5 29. Rxb4 Be2 30. Re1 Qc5 31. Qd4 $16) 27... hxg6 28.
Qxg6+ Bg7 29. Rf6 $1 Qc6 (29... Kh8 30. Qh5+ Kg8 31. Rxe6 Qxe6 (31... Rxe6 32.
Qxe8+ $18) 32. Bxe6+ Rxe6 33. Qd5 Kh7 34. h3 $16) 30. Bc2 Qxc2 31. Qxc2 Bxf6
32. Qc6 $16) 27. dxe5 Qc6 28. Rfd4 $1 $18 Bb7 29. Qg5 (29. Qg4 $5 {[%csl Re6]})
29... Qc5 30. Rd7 (30. Rd8 Qc7 31. Rxe8+ Rxe8 32. Bxe6+ Rxe6 33. Rd8+ Kf7 34.
Qf5+ Rf6 35. Qd7+ Qxd7 36. Rxd7+ Ke6 37. Rxb7 Kxe5 38. Rxg7 Rd6 39. Kf1 $16 {
/+-}) 30... Bc6 $2 (30... Rf8 $1 31. R7d2 $16 (31. Bxe6+ Kh8 32. Qg3 Rxd7 33.
Bxd7 Qc2 34. Bg4 Qxb2 35. Qe3 $132 {/+/-})) 31. Bxe6+ Kh8 32. Rxe7 Rxe7 33. Rc1
$1 Rxe6 34. Rxc5 bxc5 35. Qd8+ Re8 36. Qd6 1-0